01572cam a22003857a 4500003000500000005001700005008004100022010001000063011001000073035001000083040000900093090001000102100004100112245012200153260004000275300001900315502008000334590003700414590004100451590004100492590004100533590004100574590004200615650002000657650006600677650004200743710004300785901000700828942000900835949003400844949004000878999001700918952012500935952012601060CHAP20220329141153.0971010s1977 r 00010 d a63790 a64762 a70878 cCHAP aTesis00aBando Cabañas, Miguel Angel.9994913aEl trigo sarraceno (Fagopyrum esculentum) como fuente de energía y proteína en dietas para pollos en iniciación aChapingo, Méx. :bEl autor,c1977 a47 h. gráfs. aTesis (Ing. Agrónomo Esp. en Zootecnia) -- ENA. Departamento de Zootecnia aALEPHb10c20130110lUCH01h1346 aBATCH-UPDb10c20130109lUCH01h2320 aBATCH-UPDb10c20130110lUCH01h0658 aBATCH-UPDb10c20130410lUCH01h0343 aBATCH-UPDb10c20130914lUCH01h0247 aCONVERSIONb10c20130109lUCH01h133414aAlforfon.9394614aAlimentos y alimentación del ganadoxValor nutritivo.9434714aAves de corralxAlimentación.986380 aENA. Departamento de Zootecnia.936706 aBK cFOLL bBCcTESd-3465eTS1i70878si bBCcTESd-46523eTS2fc.2i70878si c63790d63790 00102local4053708TESISaBCbBCcPA_TESISd2012-12-17fTESISl0p-46523r2019-12-31 00:00:00tc.2w2019-12-31yTESIS 00102local4051708TESISaBCbBCcPA_TESISd2012-12-17fTESISl0oTesisp-3465r2019-12-31 00:00:00w2012-12-17yTESIS